Countries Along the Indian Ocean - Statistics

General Stats
  • This quiz has been taken 34 times
  • The average score is 21 of 27
Answer Stats
Countries % Correct
Mozambique
100%
Kenya
96%
Tanzania
93%
Somalia
89%
Djibouti
86%
Egypt
82%
Eritrea
82%
Jordan
82%
Oman
82%
Saudi Arabia
82%
Sudan
82%
Yemen
82%
Israel
79%
United ArabEmirates
79%
Bangladesh
68%
India
68%
Iran
68%
Iraq
68%
Kuwait
68%
Myanmar
68%
Pakistan
68%
Qatar
68%
Saudi Arabia
68%
Thailand
68%
Oman
64%
Saudi Arabia
64%
United ArabEmirates
64%
No matching quizzes found
Score Distribution
Percent of People with Each Score
Percentile by Number Answered
Your Score History
You have not taken this quiz